Swedish Political Parties - Statistics

General Stats
  • This quiz has been taken 50 times
  • The average score is 6 of 8
Answer Stats
Ideology Position Seats Answer % Correct
Social DemocracyDemocratic Socialism Centre left 112 Social Democratic
98%
Classical LiberalismConservatism Liberalism Centre right 17 Liberals
88%
Liberal Conservatism Centre right 72 Moderate
83%
LiberalismNordic Agraranism Centre to centre right 26 Centre
80%
Socialism Eco-socialism Left wing 25 Left
80%
Christian democracyConservativsm Centre right to right wing 21 Christian Democrats
78%
_________ politics Eco-feminism Centre left 21 Green
78%
PopulismNational Conservatism Right wing to far right 76 Swedish Democrats
65%
No matching quizzes found
Score Distribution
Percent of People with Each Score
Percentile by Number Answered
Your Score History
You have not taken this quiz